| 000 | 01611cam a2200301zu 4500 | ||
|---|---|---|---|
| 001 | 88859270 | ||
| 003 | FRCYB88859270 | ||
| 005 | 20251020123018.0 | ||
| 006 | m o d | ||
| 007 | cr un | ||
| 008 | 251020s2018 fr | o|||||0|0|||fre d | ||
| 020 | _a9782100774869 | ||
| 035 | _aFRCYB88859270 | ||
| 040 |
_aFR-PaCSA _bfr _c _erda |
||
| 100 | 1 | _aTribou, Gary | |
| 245 | 0 | 1 |
_aManagement du sport _bMarketing et gestion des clubs sportifs _c['Tribou, Gary', 'Dermit, Nadine', 'Wojak, Candice'] |
| 264 | 1 |
_bDunod _c2018 |
|
| 300 | _a p. | ||
| 336 |
_btxt _2rdacontent |
||
| 337 |
_bc _2rdamdedia |
||
| 338 |
_bc _2rdacarrier |
||
| 650 | 0 | _a | |
| 700 | 0 | _aTribou, Gary | |
| 700 | 0 | _aDermit, Nadine | |
| 700 | 0 | _aWojak, Candice | |
| 856 | 4 | 0 |
_2Cyberlibris _uhttps://international.scholarvox.com/netsen/book/88859270 _qtext/html _a |
| 520 | _aCette 5e édition du Management du sport vise à souligner la spécificité managériale du secteur sportif. En effet, la pluralité de ses acteurs – clubs amateurs et professionnels, fédérations et administrations publiques, sociétés commerciales – conduit à une utilisation différenciée des outils de gestion.Cette nouvelle édition, à jour des dernières réglementations et de l’actualité sportive, fait le tour complet du management des clubs :l’analyse marketing et la stratégie des clubs, notamment en matière d’innovation sportivele mix de communication et la politique de sponsoringla gestion des ressources humaines associant salariés et bénévoles l’analyse financière et le contrôle de gestion | ||
| 999 |
_c1552687 _d1552687 |
||